Hồ Chí Minh tuyển tập :

Nội dung bộ sách phản ánh sâu sắc quá trình Chủ tịch Hồ Chí Minh tìm đường cứu nước và vạch ra đường lối chiến lược, sách lược cho cách mạng Việt Nam, đồng thời phản ánh quá trình Người cùng với Đảng tổ chức, lãnh đạo cách mạng Vie...

Popoln opis

Shranjeno v:
Bibliografske podrobnosti
Glavni avtor: Hồ, Chí Minh
Format: Knjiga
Jezik:Undetermined
Izdano: Hà Nội Chính trị Quốc gia 2002
Teme:
Oznake: Označite
Brez oznak, prvi označite!
Thư viện lưu trữ: Trung tâm Học liệu Trường Đại học Cần Thơ
LEADER 01154nam a2200229Ia 4500
001 CTU_223992
008 210402s9999 xx 000 0 und d
082 |a 895.9228 
082 |b M312/T.3 
100 |a Hồ, Chí Minh 
245 0 |a Hồ Chí Minh tuyển tập : 
245 0 |c Hồ Chí Minh ; Nguyễn Khánh Bật (Trưởng nhóm) 
260 |a Hà Nội 
260 |b Chính trị Quốc gia 
260 |c 2002 
520 |a Nội dung bộ sách phản ánh sâu sắc quá trình Chủ tịch Hồ Chí Minh tìm đường cứu nước và vạch ra đường lối chiến lược, sách lược cho cách mạng Việt Nam, đồng thời phản ánh quá trình Người cùng với Đảng tổ chức, lãnh đạo cách mạng Việt Nam đi từ thắng lợi này đến thắng lợi khác 
650 |a Vietnamese literature,Ho Chi Minh 
650 |x Collections,Biography 
650 |y 20th century 
904 |i Minh, Q. Hiếu(sửa) 
910 |b dqhieu 
980 |a Trung tâm Học liệu Trường Đại học Cần Thơ